000 01308cad a22002055a 4500
001 L137867
008 110623s2007 xxk f f000 0 eng d
035 _a(Sirsi) u137867
041 0 _aeng
110 1 _aUnited Kingdom
_bDepartment for Communities and Local Government
_94939
245 0 0 _aDelivering property searches
_bgood practice guidance for local authorities and personal searchers
_ba consultation paper
_h[electronic resource]
260 _aLondon
_bDCLG
_c2007
520 _aResponses to be received by 26 June 2007. Seeks views on best practice guidance relating to delivery of property searches to LAs and personal searchers. Sets out how the government intends to implement recommendations made in an OFT Market Study in September 2005 that LAs make unrefined information available to all, including third party searchers. This will affect the searches included in HIPs. Includes guidance for consultation purposes on timescales and pricing.
590 _aKA
650 2 4 _aHOME INFORMATION PACKS
651 4 _aEngland and Wales
_y1543-
690 _aPROPERTY-PROPERTY ACQUISITION AND DISPOSAL
856 4 0 _uhttps://tna.europarchive.org/20110203045449/http://www.communities.gov.uk/documents/housing/pdf/319768.pdf
_zView the item free of charge at http://tna.europarchive.org
942 _n0
999 _c106913
_d106913